000 00612nam a2200217 i 4500
001 14483
003 ES-MaACL
005 20230906150826.0
007 t|
008 990329s1931 sp ||||1| spa d
080 _a008(460:494)
100 1 _aQuer Boule, Luis.
_994524
245 1 0 _aApuntes hispano suizos /
_cLuis Quer Boule.
260 _aMadrid :
_bEspasa Calpe,
_c1931.
300 _a160 p. ;
_c20 cm.
651 4 _aEspaña-
_xRelaciones-
_zSuiza.
_9162966
651 4 _aSuiza-
_xRelaciones-
_zEspaña.
_9162967
852 _aES-MaACL
_jF-5069
852 _aES-MaACL
_jF-13741
852 _aES-MaACL
_jA-2751
999 _c14483
_d14483